00921cam a22002531 4500001001300000003000400013005001700017008004100034010001700075035001900092040004500111042001200156043002100168050001500189100003500204245007000239260006400309300007000373500006700443610006400510650004300574651003300617999001700650war11000011 DLC20260227112809.0760630s1911 ksu f000 0 eng c awar11000011  a(OCoLC)2289705 aWar College Div. General StaffcPPidDLC apremarc an-us-ksan-us---00aUB803b.S51 aShindler, Henry,d1854-ecomp.00aHistory of the United States Military Prison,cby Henry Shindler. a[Fort Leavenworth, Kan.]bArmy Service School Press,c1911. a3 p. l., [2] p., 1 l., 124 p.bpl., ports. (incl. front.)c21 cm. aCover-title reads: History U.S. military prison 1871 to 1910.20aUnited States Penitentiary in Leavenworth, KansasxHistory. 0aPrisonszKansaszLeavenworthxHistory. 0aLeavenworth (Kan.)xHistory. c92166d92166